000 00673nam a2200241Ia 4500
003 OSt
005 20220923213141.0
006 a|||||r|||| 00| 0
007 ta
008 220922b |||||||| |||| 00| 0 hin d
024 _a159,277
037 _cTextual
040 _aARTS
_cARTS
_bhin
041 _2hin
_ahin
082 _aO152,1K17:g, K0
100 _aमतिराम
245 0 _aरसराज व्याख्या और
246 _aRasarāj vyākhyā aura
260 _c1960
650 _aहिन्दी साहित्य
_9156264
942 _hO152,1K17:g, K0
_cTEXL
_2CC
999 _c314024
_d314024